000 00627cam a22002172 4500
001 0000003337
005 20151217161132.0
008 070503s xx 000 0 eng d
020 _a0333786157 :
_cKES 22,185
040 _aKABU
_cKABU
050 0 _aJF251
_b.D34 2000
100 1 _ada Graca, John V.
_@0000153169
245 1 0 _aHeads of state and government.
250 _a2nd ed.
260 _aNew York :
_bSt. Martin's Press,
_c2000.
300 _aviii, 1222 p.
650 0 _aHeads of state
_xBiography.
_@0000153170
908 _a070503
950 _@1
999 _c14937
_d14937